| 000 | 00947nam a2200349 a 4500 | ||
|---|---|---|---|
| 003 | AR-BaBNM | ||
| 005 | 20251128204512.0 | ||
| 008 | 082120s2002 ||||||||||||||000 | spa|| | ||
| 020 | _a950-99147-0-3 | ||
| 040 | _cAR-BaBNM | ||
| 100 | 1 | _aRomero, José Luis | |
| 245 | 0 | 0 | _aEl desarrollo de las ideas en la sociedad argentina del siglo xx |
| 260 |
_aBuenos Aires _bEdiciones Nuevo País _c1987 |
||
| 300 | _a230 p. | ||
| 490 | 0 | _aBiblioteca actual | |
| 500 | _aContiene índice de nombres | ||
| 600 | 1 | 4 | _aPerón, Juan Domingo |
| 650 | 4 | _aHISTORIA ARGENTINA | |
| 650 | 4 | _aSIGLO VEINTE | |
| 650 | 4 | _aHISTORIA DE LAS IDEAS | |
| 650 | 4 | _aIDEOLOGIAS POLITICAS | |
| 650 | 4 | _aPOLITICA SOCIAL | |
| 650 | 4 | _aGENERACION DE 1880 | |
| 650 | 4 | _aGRUPOS | |
| 650 | 4 | _aCOMPORTAMIENTO SOCIAL | |
| 650 | 4 | _aDOCTRINAS POLITICAS | |
| 650 | 4 | _aPOLITICA | |
| 651 | 4 | _aArgentina | |
| 653 | _aPOSTGUERRA | ||
| 942 | _cBK | ||
| 998 | _cEnrique | ||
| 999 |
_c7673 _d7673 |
||